000 00489nam a2200181 i 4500
001 55136
003 ES-MaACL
005 20230906163105.0
007 t|
008 030912s1966 sp ||||1| spa d
100 1 _aDelibes, Miguel,
_d1920-2010
_9233557
245 1 0 _aUSA y yo /
_cMiguel Delibes.
250 _a[1ª ed.].
260 _aBarcelona :
_bDestino,
_c[1966]
300 _a240 p., 30 lám. ;
_c21 cm.
852 _aES-MaACL
_jC-29969
_bR.60271
999 _c55136
_d55136